000 00341nam a2200133Ia 4500
008 151001s9999||||xx |||||||||||||| ||und||
100 _aचि त्र्य खानोलकर
245 _aत्रिशंकू
250 _a1
260 _bपुणे प्रकाशन
260 _c1968
300 _a224
365 _b21
999 _c955961
_d955958